• 首页
  • 本馆介绍
  • 公告通知
  • 最新文献
  • 馆藏检索
  • 电子资源
  • 读者导购
  • 参考咨询
  • 我的图书馆
  • 登录
  • 详细信息显示
  • 放入我的书架
  • 预约/预借图书
  • 作者相关作品
  • 分类相关作品
  • 丛书相关作品
  • 出版社相关作品

书目信息

  • 表格格式
  • 工作单格式
  • 卡片格式
题名:
免疫学实验教程
    
 
作者: 和七一, 主编
分册:  
出版信息: 长春   吉林大学出版社  2019.10
页数: 187页
开本: 24cm
丛书名:
单 册:
中图分类: R392-33
科图分类:
主题词: 免疫学--mian yi xue--实验--高等学校--教材
电子资源:
ISBN: 978-7-5692-5669-7
000 01131nam0 2200253 450
001 CAL 0120192901243
005 20230217093111.0
010    @a978-7-5692-5669-7@dCNY49.00
100    @a20191123d2019 em y0chiy0120 ea
101 0  @achi
102    @aCN@b220000
105    @aak a 000yy
106    @ar
200 1  @a免疫学实验教程@Amian yi xue shi yan jiao cheng@f和七一主编
210    @a长春@c吉林大学出版社@d2019.10
215    @a187页@c图@d24cm
314    @a和七一, 现就职于重庆师范大学生命科学学院。
320    @a有书目 (第186-187页)
330    @a本书共分为两个部分, 第一部分为免疫学基础实验技术及原理, 主要从免疫系统的构成、实验动物的选择与抓取、生物材料的采集、动物给药方法及免疫学应用五个方面构成。第二部分为学生实验, 由基础性实验、综合性实验、探究性实验三个方面组成, 共四十个实验。通过对本书实验的学习, 学生既能掌握免疫学的基础知识, 又能提升基本实验技能, 符合理论与实践相结合, 实现新课改要求, 有利于学生综合素质的提高。
606 0  @a免疫学@Amian yi xue@x实验@x高等学校@j教材
690    @aR392-33@v5
701  0 @a和七一,@Ahe qi yi@f1979-@4主编
801  0 @aCN@bBJXHZP@c20230228
905    @b1397344-7@dR392-33@e390@f4
    
    免疫学实验教程/和七一主编.-长春:吉林大学出版社,2019.10
    187页:图;24cm
    
    
    ISBN 978-7-5692-5669-7:CNY49.00
    本书共分为两个部分, 第一部分为免疫学基础实验技术及原理, 主要从免疫系统的构成、实验动物的选择与抓取、生物材料的采集、动物给药方法及免疫学应用五个方面构成。第二部分为学生实验, 由基础性实验、综合性实验、探究性实验三个方面组成, 共四十个实验。通过对本书实验的学习, 学生既能掌握免疫学的基础知识, 又能提升基本实验技能, 符合理论与实践相结合, 实现新课改要求, 有利于学生综合素质的提高。
●
相关链接 在E读中查询图书 在五车中查询图书 在当当中查询图书 在豆瓣中查询图书


正题名:免疫学实验教程     索取号:R392-33/390         预约/预借

序号 登录号 条形码 馆藏地/架位号 状态 备注
1 1397344   213973440   第二样本阅览室/ [索取号:R392-33/390] 在馆    
2 1397345   213973459   第三借阅区/ [索取号:R392-33/390] 在馆    
3 1397346   213973468   第三借阅区/ [索取号:R392-33/390] 在馆    
4 1397347   213973477   第三借阅区/ [索取号:R392-33/390] 在馆    
唐山师范学院图书馆 欢迎您!
大连网信软件有限公司© 版权所有